[Event "Muensterland Regionalliga Gr1 2223"]
[Site "Germany"]
[Date "2023.01.14"]
[Round "5.4"]
[White "Nordholt, Uwe"]
[Black "Grotenhuis, Gerard"]
[Result "1-0"]
[WhiteElo "1849"]
[BlackElo "1931"]
[PlyCount "75"]
[EventDate "2022.09.03"]
[EventType "team-tourn"]
[EventRounds "7"]
[EventCountry "GER"]
[SourceTitle "EXT 2024"]
[Source "ChessBase"]
[SourceDate "2023.10.10"]
[SourceVersion "1"]
[SourceVersionDate "2023.10.10"]
[SourceQuality "1"]
[WhiteTeam "Emsdetten Rochade"]
[BlackTeam "Metelen"]
[WhiteTeamCountry "GER"]
[BlackTeamCountry "GER"]

1. d4 d5 2. c4 e6 3. Nf3 f5 4. e3 Nf6 5. Nc3 c6 6. cxd5 exd5 7. Ne5 Nbd7 8. f4 Nxe5 9. fxe5 Ne4 10. Nxe4 fxe4 11. g3 Qg5 12. Be2 Bh3 13. Qb3 0-0-0 14. Bd2 Bg2 15. Rg1 Bf3 16. Bxf3 exf3 17. Rf1 Qf5 18. Rf2 g5 19. a4 g4 20. a5 h5 21. Rc1 Rh6 22. a6 b6 23. Bb4 h4 24. Bxf8 Qxf8 25. gxh4 Qe8 26. Qa4 Kb8 27. b4 b5 28. Qc2 Qe7 29. Qf5 Qxh4 30. e6 Rc8 31. Qe5+ Ka8 32. Qd6 g3 33. hxg3 Qh1+ 34. Kd2 Qh5 35. Rxc6 Qe8 36. Rxc8+ Qxc8 37. Qxd5+ Kb8 38. Qxb5+ 1-0

[Event "Muensterland Regionalliga Gr1 2223"]
[Site "Germany"]
[Date "2022.11.05"]
[Round "3.4"]
[White "Nordholt, Uwe"]
[Black "Kipp, Lucas"]
[Result "0-1"]
[WhiteElo "1849"]
[BlackElo "1913"]
[PlyCount "76"]
[EventDate "2022.09.03"]
[EventType "team-tourn"]
[EventRounds "7"]
[EventCountry "GER"]
[SourceTitle "EXT 2024"]
[Source "ChessBase"]
[SourceDate "2023.10.10"]
[SourceVersion "1"]
[SourceVersionDate "2023.10.10"]
[SourceQuality "1"]
[WhiteTeam "Emsdetten Rochade"]
[BlackTeam "Saerbeck"]
[WhiteTeamCountry "GER"]
[BlackTeamCountry "GER"]

1. d4 d5 2. c4 e6 3. Nf3 Nf6 4. Bg5 c6 5. e3 Bb4+ 6. Nbd2 h6 7. Bxf6 gxf6 8. a3 Be7 9. Rc1 Nd7 10. cxd5 cxd5 11. Bd3 f5 12. 0-0 Bd6 13. Nb3 b6 14. Bb5 Ke7 15. Bxd7 Bxd7 16. Ne5 Be8 17. Qe2 f6 18. Nc6+ Bxc6 19. Rxc6 Qd7 20. Rfc1 Rac8 21. Qc2 Rxc6 22. Qxc6 Qxc6 23. Rxc6 Kd7 24. Rc2 Rg8 25. Nc1 a5 26. Nd3 e5 27. Ne1 a4 28. Nf3 Rc8 29. Rxc8 Kxc8 30. g3 b5 31. Nh4 Bxa3 32. bxa3 b4 33. dxe5 bxa3 34. e6 a2 35. Nxf5 a1Q+ 36. Kg2 Qe5 37. e7 Kd7 38. f4 Qxf5 0-1

[Event "Steinfurt Bezirksliga 1819"]
[Site "Germany"]
[Date "2019.05.04"]
[Round "10.4"]
[White "Nordholt, Uwe"]
[Black "Krueler, Andreas"]
[Result "1-0"]
[WhiteElo "1861"]
[BlackElo "1545"]
[PlyCount "69"]
[EventDate "2018.09.01"]
[EventType "team-tourn"]
[EventRounds "10"]
[EventCountry "GER"]
[SourceTitle "EXT 2020"]
[Source "ChessBase"]
[SourceDate "2019.10.17"]
[SourceVersion "1"]
[SourceVersionDate "2019.10.17"]
[SourceQuality "1"]
[WhiteTeam "Neuenkirchen"]
[BlackTeam "Steinfurt III"]
[WhiteTeamCountry "GER"]
[BlackTeamCountry "GER"]

1. d4 d5 2. c4 dxc4 3. e4 Nf6 4. Nc3 e6 5. Bxc4 h6 6. Nf3 Nbd7 7. 0-0 Bb4 8. e5 Nh7 9. Ne4 0-0 10. a3 Be7 11. Be3 Nb6 12. Bb3 Nd5 13. Qd3 f5 14. Nc3 c6 15. Nxd5 cxd5 16. Rac1 Ng5 17. Nxg5 Bxg5 18. f4 Be7 19. Rc3 Bd7 20. Rfc1 Rc8 21. Rxc8 Bxc8 22. Ba4 Qa5 23. Qb5 Qxb5 24. Bxb5 a6 25. Be2 g5 26. Rc7 gxf4 27. Rxe7 fxe3 28. Rc7 f4 29. Bg4 Kh8 30. Kf1 b5 31. b4 Kg8 32. Rxc8 Rxc8 33. Bxe6+ Kg7 34. Bxc8 Kg6 35. Bxa6 1-0

[Event "Steinfurt Bezirksliga 1819"]
[Site "Germany"]
[Date "2019.03.16"]
[Round "8.3"]
[White "Bloem, Markus"]
[Black "Nordholt, Uwe"]
[Result "0-1"]
[WhiteElo "1533"]
[BlackElo "1861"]
[PlyCount "50"]
[EventDate "2018.09.01"]
[EventType "team-tourn"]
[EventRounds "10"]
[EventCountry "GER"]
[SourceTitle "EXT 2020"]
[Source "ChessBase"]
[SourceDate "2019.10.17"]
[SourceVersion "1"]
[SourceVersionDate "2019.10.17"]
[SourceQuality "1"]
[WhiteTeam "Ibbenbueren II"]
[BlackTeam "Neuenkirchen"]
[WhiteTeamCountry "GER"]
[BlackTeamCountry "GER"]

1. e4 e6 2. d4 d5 3. exd5 exd5 4. Nf3 Bd6 5. Bd3 Nf6 6. 0-0 0-0 7. Bg5 h6 8. Be3 Bg4 9. Nbd2 Nbd7 10. a3 c6 11. c3 Qc7 12. Qc2 Bxf3 13. Nxf3 Ng4 14. h3 Nxe3 15. fxe3 Rae8 16. e4 dxe4 17. Bxe4 Nf6 18. Bd3 Bf4 19. Kh1 Nh5 20. Rfe1 Ng3+ 21. Kg1 Be3+ 22. Kh2 Qf4 23. Rad1 Nf1+ 24. Kh1 Qh2+ 25. Nxh2 Ng3# 0-1

[Event "Steinfurt Bezirksliga 1819"]
[Site "Germany"]
[Date "2019.02.16"]
[Round "7.4"]
[White "Melcher, Guenter Herbert"]
[Black "Nordholt, Uwe"]
[Result "0-1"]
[WhiteElo "1606"]
[BlackElo "1861"]
[PlyCount "76"]
[EventDate "2018.09.01"]
[EventType "team-tourn"]
[EventRounds "10"]
[EventCountry "GER"]
[SourceTitle "EXT 2020"]
[Source "ChessBase"]
[SourceDate "2019.10.17"]
[SourceVersion "1"]
[SourceVersionDate "2019.10.17"]
[SourceQuality "1"]
[WhiteTeam "Steinfurt II"]
[BlackTeam "Neuenkirchen"]
[WhiteTeamCountry "GER"]
[BlackTeamCountry "GER"]

1. d4 Nf6 2. c4 e6 3. Nf3 b6 4. Nc3 Bb7 5. g3 Be7 6. Bg2 0-0 7. 0-0 d5 8. cxd5 exd5 9. a3 Nbd7 10. b4 Ne4 11. Bb2 Nd6 12. Nd2 Nf6 13. Re1 Nfe4 14. Ncxe4 dxe4 15. e3 Bf6 16. Qc2 Qe7 17. Rac1 Rfc8 18. Bh3 Bd5 19. Bxc8 Rxc8 20. Qa4 c6 21. Ba1 b5 22. Qc2 Qe6 23. Qc5 Qd7 24. Qc2 Qh3 25. Rf1 Nf5 26. Rce1 Bg5 27. Nxe4 Re8 28. f4 Bxe4 29. Qd2 Bd8 30. Rf2 Nxg3 31. Rg2 Qxg2+ 32. Qxg2 Bxg2 33. Kxg2 Nf5 34. e4 Nd6 35. Kf3 Nc4 36. Rg1 g6 37. f5 Bb6 38. fxg6 hxg6 0-1

[Event "Steinfurt Bezirksliga 1819"]
[Site "Germany"]
[Date "2018.12.15"]
[Round "5.4"]
[White "Gutjahr, Vladimir"]
[Black "Nordholt, Uwe"]
[Result "1/2-1/2"]
[WhiteElo "1418"]
[BlackElo "1861"]
[PlyCount "68"]
[EventDate "2018.09.01"]
[EventType "team-tourn"]
[EventRounds "10"]
[EventCountry "GER"]
[SourceTitle "EXT 2020"]
[Source "ChessBase"]
[SourceDate "2019.10.17"]
[SourceVersion "1"]
[SourceVersionDate "2019.10.17"]
[SourceQuality "1"]
[WhiteTeam "Steinfurt III"]
[BlackTeam "Neuenkirchen"]
[WhiteTeamCountry "GER"]
[BlackTeamCountry "GER"]

1. d4 Nf6 2. Nf3 c5 3. e3 e6 4. c3 d5 5. Nbd2 Bd6 6. dxc5 Bxc5 7. Bb5+ Bd7 8. Qa4 a6 9. Bxd7+ Nbxd7 10. Qc2 0-0 11. 0-0 Rc8 12. e4 Qb6 13. exd5 exd5 14. Qf5 Qe6 15. Qxe6 fxe6 16. Nb3 Bb6 17. Be3 Bxe3 18. fxe3 e5 19. Rad1 e4 20. Nfd4 Ng4 21. Nf5 Rxf5 22. Rxf5 Nxe3 23. Rfxd5 Nxd1 24. Rxd1 Ne5 25. Re1 Nc4 26. Re2 e3 27. Nd4 Rf8 28. Nf3 Re8 29. b3 Na3 30. Re1 Nb5 31. c4 Nc3 32. a3 e2 33. Nd4 Re4 34. Nf3 h6 1/2-1/2

[Event "Muensterland Verbandsklasse 1617"]
[Site "Germany"]
[Date "2017.03.25"]
[Round "8.2"]
[White "Nordholt, Uwe"]
[Black "Bernink, Henk"]
[Result "0-1"]
[WhiteElo "1895"]
[BlackElo "2107"]
[PlyCount "62"]
[EventDate "2016.09.24"]
[EventType "team"]
[EventRounds "9"]
[EventCountry "GER"]
[SourceTitle "EXT 2018"]
[Source "ChessBase"]
[SourceDate "2017.10.13"]
[SourceVersion "1"]
[SourceVersionDate "2017.10.13"]
[SourceQuality "1"]
[WhiteTeam "Neuenkirchen II"]
[BlackTeam "Metelen"]
[WhiteTeamCountry "GER"]
[BlackTeamCountry "GER"]

1. d4 c5 2. d5 b5 3. e4 Qb6 4. Na3 a6 5. c4 b4 6. Nc2 g6 7. b3 Bg7 8. Rb1 d6 9. Ne3 Nd7 10. Nf3 a5 11. Bd3 a4 12. Bb2 f6 13. h4 Ne5 14. Bxe5 dxe5 15. h5 Nh6 16. hxg6 hxg6 17. g3 axb3 18. axb3 f5 19. Qc2 f4 20. gxf4 exf4 21. Nd1 Bg4 22. Qe2 Be5 23. Kf1 Qf6 24. Bc2 Ra2 25. Rc1 g5 26. Qd3 Bxf3 27. Qxf3 g4 28. Qd3 Rg8 29. d6 g3 30. d7+ Kd8 31. Rxh6 g2+ 0-1

[Event "Steinfurt Bezirksliga 1516"]
[Site "Germany"]
[Date "2015.09.19"]
[Round "1.2"]
[White "Boerger, Andreas1111"]
[Black "Nordholt, Uwe"]
[Result "0-1"]
[WhiteElo "1634"]
[BlackElo "1867"]
[PlyCount "56"]
[EventDate "2015.09.19"]
[EventType "team-tourn"]
[EventRounds "9"]
[EventCountry "GER"]
[SourceTitle "EXT 2017"]
[Source "ChessBase"]
[SourceDate "2016.10.25"]
[SourceVersion "1"]
[SourceVersionDate "2016.10.25"]
[SourceQuality "1"]
[WhiteTeam "Reckenfeld"]
[BlackTeam "Neuenkirchen II"]
[WhiteTeamCountry "GER"]
[BlackTeamCountry "GER"]

1. e4 e6 2. d4 d5 3. exd5 exd5 4. Bd3 Bd6 5. Nf3 Nf6 6. 0-0 0-0 7. Bg5 h6 8. Bh4 Bg4 9. Nbd2 Nbd7 10. c3 c6 11. Qc2 Bxf3 12. Nxf3 Qb6 13. b4 a5 14. a3 Rfe8 15. Bg3 Bxg3 16. hxg3 Ne4 17. Nd2 Ndf6 18. Rfe1 axb4 19. axb4 Rxa1 20. Rxa1 Qc7 21. Nxe4 dxe4 22. Be2 e3 23. f4 Ne4 24. Rf1 Nxg3 25. Rf3 Ne4 26. Rxe3 Qxf4 27. Rf3 Qd2 28. Qb3 Ng5 0-1

[Event "Steinfurt Bezirksklasse 1314"]
[Site "Germany"]
[Date "2014.01.18"]
[Round "4.2"]
[White "Wehner, Siegfried"]
[Black "Nordholt, Uwe"]
[Result "0-1"]
[WhiteElo "1383"]
[BlackElo "1870"]
[PlyCount "50"]
[EventDate "2013.10.05"]
[EventType "team-tourn"]
[EventRounds "9"]
[EventCountry "GER"]
[SourceTitle "EXT 2015"]
[Source "ChessBase"]
[SourceDate "2014.11.20"]
[SourceVersion "1"]
[SourceVersionDate "2014.11.20"]
[SourceQuality "1"]
[WhiteTeam "Reckenfeld II"]
[BlackTeam "Rheine SG"]
[WhiteTeamCountry "GER"]
[BlackTeamCountry "GER"]

1. Nf3 Nf6 2. g3 c5 3. d3 Nc6 4. Bg2 d5 5. 0-0 e5 6. Bg5 Be7 7. Nbd2 0-0 8. c3 Be6 9. Re1 Qb6 10. Qc2 Rac8 11. e4 c4 12. Bxf6 Bxf6 13. exd5 cxd3 14. Qb3 Qxb3 15. axb3 Bxd5 16. c4 Be6 17. Ne4 Be7 18. Red1 Rfd8 19. Ne1 f5 20. Nd2 e4 21. f3 Bc5+ 22. Kh1 e3 23. Nb1 d2 24. Nc2 Nb4 25. Nxb4 e2 0-1

[Event "Steinfurt Bezirksklasse 1314"]
[Site "Germany"]
[Date "2013.12.07"]
[Round "3.2"]
[White "Nordholt, Uwe"]
[Black "Koerbel, Thomas"]
[Result "1/2-1/2"]
[WhiteElo "1870"]
[BlackElo "1353"]
[PlyCount "30"]
[EventDate "2013.10.05"]
[EventType "team-tourn"]
[EventRounds "9"]
[EventCountry "GER"]
[SourceTitle "EXT 2015"]
[Source "ChessBase"]
[SourceDate "2014.11.20"]
[SourceVersion "1"]
[SourceVersionDate "2014.11.20"]
[SourceQuality "1"]
[WhiteTeam "Rheine SG"]
[BlackTeam "Saerbeck III"]
[WhiteTeamCountry "GER"]
[BlackTeamCountry "GER"]

1. d4 d5 2. c4 e6 3. Nf3 Nf6 4. Nc3 c6 5. Bg5 Nbd7 6. e3 Qa5 7. Bxf6 Nxf6 8. a3 Be7 9. b4 Qd8 10. c5 0-0 11. Bd3 Bd7 12. 0-0 b6 13. Ne5 bxc5 14. bxc5 Qc7 15. Qc2 g6 1/2-1/2

[Event "Steinfurt Bezirksliga 1011"]
[Site "Germany"]
[Date "2011.02.12"]
[Round "5.3"]
[White "Nordholt, Uwe"]
[Black "Lueke, Reinhard"]
[Result "1-0"]
[WhiteElo "1795"]
[BlackElo "1898"]
[PlyCount "107"]
[EventDate "2010.10.02"]
[EventType "team-tourn"]
[EventRounds "9"]
[EventCountry "GER"]
[SourceTitle "EXT 2012"]
[Source "ChessBase"]
[SourceDate "2011.11.24"]
[SourceVersion "1"]
[SourceVersionDate "2011.11.24"]
[SourceQuality "1"]
[WhiteTeam "Rheine SG"]
[BlackTeam "Emsdetten Turm III"]
[WhiteTeamCountry "GER"]
[BlackTeamCountry "GER"]

1. d4 Nf6 2. c4 g6 3. Nf3 Bg7 4. Nc3 d5 5. e3 0-0 6. Bd2 b6 7. Rc1 Bb7 8. b4 Nbd7 9. c5 c6 10. Na4 Ne4 11. Bd3 Nxd2 12. Qxd2 e5 13. dxe5 Nxe5 14. Nd4 Nxd3+ 15. Qxd3 b5 16. Nc3 a5 17. a3 axb4 18. axb4 Ra3 19. 0-0 Qe7 20. Qd2 Rfa8 21. Rfe1 R8a6 22. e4 dxe4 23. Rxe4 Qd7 24. Rce1 Ra1 25. Nd1 h5 26. h3 R6a2 27. Qf4 Qd5 28. Nc3 Rxe1+ 29. Rxe1 Qc4 30. Nxa2 Bxd4 31. Qb8+ Kg7 32. Qxb7 Qxa2 33. Rf1 Qd5 34. Qe7 g5 35. Qd6 Qe4 36. Qg3 g4 37. hxg4 hxg4 38. Rd1 Be5 39. Qe3 Qf5 40. Re1 f6 41. Qe4 Qd7 42. g3 Kf8 43. Kg2 Qd5 44. Qxd5 cxd5 45. Rd1 d4 46. f4 gxf3+ 47. Kxf3 Ke7 48. g4 Kd7 49. Ke4 Ke6 50. Rxd4 Bxd4 51. Kxd4 Ke7 52. Kd5 Kd7 53. c6+ Kc7 54. Kc5 1-0

[Event "Steinfurt Bezirksliga 1011"]
[Site "Germany"]
[Date "2010.12.04"]
[Round "3.3"]
[White "Hartmann, Viktor"]
[Black "Nordholt, Uwe"]
[Result "1-0"]
[WhiteElo "1686"]
[BlackElo "1795"]
[PlyCount "99"]
[EventDate "2010.10.02"]
[EventType "team-tourn"]
[EventRounds "9"]
[EventCountry "GER"]
[SourceTitle "EXT 2012"]
[Source "ChessBase"]
[SourceDate "2011.11.24"]
[SourceVersion "1"]
[SourceVersionDate "2011.11.24"]
[SourceQuality "1"]
[WhiteTeam "Ibbenbueren II"]
[BlackTeam "Rheine SG"]
[WhiteTeamCountry "GER"]
[BlackTeamCountry "GER"]

1. d4 d5 2. c4 e6 3. c5 b6 4. cxb6 axb6 5. Bf4 Bd6 6. Bxd6 Qxd6 7. e3 Nf6 8. Nf3 0-0 9. Nc3 Nbd7 10. Be2 c5 11. 0-0 c4 12. a3 Bb7 13. h3 Bc6 14. Nd2 e5 15. dxe5 Qxe5 16. Nf3 Qe7 17. Nd4 Bb7 18. Qc2 Nc5 19. Rad1 Nfe4 20. Bf3 Nxc3 21. Qxc3 Ne4 22. Bxe4 Qxe4 23. Qb4 Qg6 24. Nf3 Rad8 25. Rd4 Bc8 26. Kh1 Qd6 27. Qc3 Bf5 28. Rfd1 b5 29. e4 Be6 30. exd5 Bf5 31. Qd2 Rfe8 32. Qf4 Qxf4 33. Rxf4 Bd3 34. Rd4 Re2 35. Rd2 Re4 36. Rxe4 Bxe4 37. d6 Bd3 38. Nd4 b4 39. Nc6 bxa3 40. Nxd8 a2 41. Rd1 Bb1 42. d7 a1Q 43. Nc6 h6 44. d8Q+ Kh7 45. Qd4 Qa2 46. Ne5 Bc2 47. Rd2 Bb3 48. Kh2 Qa5 49. Qc3 Qc7 50. Rd7 1-0

[Event "Steinfurt Bezirksklasse 0910"]
[Site "Germany"]
[Date "2010.03.06"]
[Round "5.2"]
[White "Spangenberg, Victor"]
[Black "Nordholt, Uwe"]
[Result "1/2-1/2"]
[WhiteElo "1691"]
[BlackElo "1782"]
[PlyCount "122"]
[EventDate "2009.09.26"]
[EventType "team-tourn"]
[EventRounds "7"]
[EventCountry "GER"]
[SourceTitle "EXT 2011"]
[Source "ChessBase"]
[SourceDate "2010.11.26"]
[SourceVersion "1"]
[SourceVersionDate "2010.11.26"]
[SourceQuality "1"]
[WhiteTeam "Nordwalde II"]
[BlackTeam "Rheine"]
[WhiteTeamCountry "GER"]
[BlackTeamCountry "GER"]

1. e4 e6 2. d4 d5 3. exd5 exd5 4. Nf3 Bd6 5. c4 c6 6. Nc3 Nf6 7. Bd3 0-0 8. 0-0 Bg4 9. Bg5 Nbd7 10. cxd5 Qc7 11. h3 Bh5 12. Rc1 Qa5 13. Bxf6 Nxf6 14. dxc6 bxc6 15. Ne4 Nxe4 16. Bxe4 Rad8 17. Rxc6 Bxf3 18. Qxf3 Qxa2 19. b3 Qb2 20. Qd3 g6 21. Ra6 Bb8 22. Ra4 Rc8 23. Rc4 Qa3 24. Qc3 Qd6 25. g3 Rcd8 26. Rd1 Qe6 27. Bg2 Rfe8 28. Rc6 Qe2 29. Bf3 Qe7 30. Kg2 h5 31. h4 Bd6 32. Rd3 Qf8 33. Re3 Bb4 34. Rxe8 Rxe8 35. Qc4 Kg7 36. Rc7 a5 37. Qd5 Re7 38. Rc6 f6 39. Ra6 Qf7 40. Qc6 Rc7 41. Qb6 Rd7 42. Ra8 f5 43. Qb8 Bf8 44. Qe5+ Kh7 45. Qxa5 Bg7 46. d5 f4 47. Qd2 fxg3 48. fxg3 Be5 49. Ra6 Rd6 50. Rxd6 Bxd6 51. Qd3 Qf6 52. Bxh5 Kg7 53. Qxg6+ Qxg6 54. Bxg6 Kxg6 55. Kh3 Kf5 56. g4+ Ke5 57. h5 Bf8 58. Kh4 Be7+ 59. g5 Kf5 60. h6 Bxg5+ 61. Kh5 Bxh6 1/2-1/2

[Event "Steinfurt Bezirksklasse 0910"]
[Site "Germany"]
[Date "2010.02.06"]
[Round "4.2"]
[White "Nordholt, Uwe"]
[Black "Stoffers, Elsbeth"]
[Result "1-0"]
[WhiteElo "1782"]
[BlackElo "1419"]
[PlyCount "117"]
[EventDate "2009.09.26"]
[EventType "team-tourn"]
[EventRounds "7"]
[EventCountry "GER"]
[SourceTitle "EXT 2011"]
[Source "ChessBase"]
[SourceDate "2010.11.26"]
[SourceVersion "1"]
[SourceVersionDate "2010.11.26"]
[SourceQuality "1"]
[WhiteTeam "Rheine"]
[BlackTeam "Steinfurt IV"]
[WhiteTeamCountry "GER"]
[BlackTeamCountry "GER"]

1. d4 d5 2. c4 c6 3. Nc3 Nf6 4. Nf3 e6 5. e3 Be7 6. cxd5 cxd5 7. Bd3 a6 8. 0-0 0-0 9. e4 dxe4 10. Nxe4 Nc6 11. Be3 Bd7 12. Rc1 Nb4 13. Nxf6+ Bxf6 14. Bb1 Bb5 15. Re1 Rc8 16. Rxc8 Qxc8 17. a3 Nd5 18. a4 Bc6 19. Qd3 g6 20. Bh6 Bg7 21. Bxg7 Kxg7 22. Rc1 Qd7 23. Ne5 Qd6 24. b3 Nb4 25. Qe3 f6 26. Ng4 Qd5 27. Qh6+ Kg8 28. Ne3 Qxd4 29. Bxg6 Qd7 30. Bb1 Qg7 31. Qh3 f5 32. Rd1 f4 33. Qxe6+ Kh8 34. Ng4 f3 35. g3 Bd5 36. Qe5 Qxe5 37. Nxe5 Bxb3 38. Rd7 Bxa4 39. Rxh7+ Kg8 40. Rxb7 Rc8 41. Bh7+ Kf8 42. h4 Rc1+ 43. Kh2 Nc6 44. Nxc6 Bxc6 45. Rc7 Rf1 46. Rxc6 Rxf2+ 47. Kh3 Rf1 48. Bd3 Rh1+ 49. Kg4 f2 50. Rf6+ Kg7 51. Rxf2 Ra1 52. Kg5 a5 53. h5 Rh1 54. h6+ Rxh6 55. Rf7+ Kxf7 56. Kxh6 a4 57. Bc4+ Kf8 58. g4 a3 59. g5 1-0

[Event "Steinfurt Bezirksklasse 0809"]
[Site "Germany"]
[Date "2009.03.07"]
[Round "5.1"]
[White "Nordholt, Uwe"]
[Black "Roewekamp, Helmut"]
[Result "1/2-1/2"]
[WhiteElo "1793"]
[BlackElo "1704"]
[PlyCount "52"]
[EventDate "2008.09.13"]
[EventType "team-tourn"]
[EventRounds "7"]
[EventCountry "GER"]
[SourceTitle "EXT 2010"]
[Source "ChessBase"]
[SourceDate "2010.11.25"]
[SourceVersion "1"]
[SourceVersionDate "2010.11.25"]
[SourceQuality "1"]
[WhiteTeam "Rheine SG"]
[BlackTeam "Reckenfeld II"]
[WhiteTeamCountry "GER"]
[BlackTeamCountry "GER"]

1. e4 e5 2. Nf3 Nc6 3. d4 exd4 4. Bc4 d6 5. Nxd4 Nxd4 6. Qxd4 Nf6 7. Nc3 Be7 8. Bg5 0-0 9. 0-0-0 a6 10. f4 b5 11. Bd5 Nxd5 12. Qxd5 Be6 13. Bxe7 Qxe7 14. Qh5 f6 15. Rhe1 c6 16. b3 Rad8 17. Qf3 Qc7 18. f5 Bf7 19. Qg3 Qe7 20. Rd3 Rd7 21. Red1 Rfd8 22. Qf4 Be8 23. g4 Qe5 24. Qxe5 dxe5 25. Rxd7 Rxd7 26. Rxd7 Bxd7 1/2-1/2

[Event "Steinfurt Bezirksliga 0708"]
[Site "Germany"]
[Date "2007.12.01"]
[Round "4.3"]
[White "Sablin, Juriy"]
[Black "Nordholt, Uwe"]
[Result "1/2-1/2"]
[WhiteElo "1679"]
[BlackElo "1773"]
[PlyCount "103"]
[EventDate "2007.09.22"]
[EventType "team-tourn"]
[EventRounds "9"]
[EventCountry "GER"]
[SourceTitle "EXT 2009"]
[Source "ChessBase"]
[SourceDate "2008.11.26"]
[SourceVersion "1"]
[SourceVersionDate "2008.11.26"]
[SourceQuality "1"]
[WhiteTeam "Ibbenbueren II"]
[BlackTeam "Rheine SG"]
[WhiteTeamCountry "GER"]
[BlackTeamCountry "GER"]

1. e4 e6 2. d4 d5 3. exd5 exd5 4. Nf3 Bd6 5. Nc3 c6 6. Bd3 Nf6 7. Bg5 0-0 8. 0-0 Bg4 9. h3 Bxf3 10. Qxf3 Nbd7 11. b3 Qc7 12. Ne2 h6 13. Bd2 Rae8 14. Ng3 Bxg3 15. fxg3 Qb6 16. Be3 Re7 17. Bf2 Rfe8 18. c4 Ne4 19. c5 Qc7 20. Rfe1 Ndf6 21. Qf4 Qa5 22. Bxe4 dxe4 23. Be3 Nd5 24. Qf2 Re6 25. Bd2 Qd8 26. Be3 Rf6 27. Qd2 Qc7 28. Kh2 Rg6 29. Bf4 Qe7 30. Re2 e3 31. Qd3 Re6 32. Rae1 g5 33. Bd6 Qf6 34. a3 Qg6 35. Qxg6+ Rxg6 36. g4 Rge6 37. Rc1 f6 38. Bg3 Re4 39. Rc4 Kf7 40. a4 a6 41. Kg1 Nf4 42. Bxf4 gxf4 43. Kf1 Rd8 44. Ke1 Rexd4 45. Rxd4 Rxd4 46. g3 Rb4 47. gxf4 Rxb3 48. Kf1 Ra3 49. f5 a5 50. Rb2 Rxa4 51. Rxb7+ Kg8 52. Rc7 1/2-1/2

[Event "Steinfurt Bezirksliga 0708"]
[Site "Germany"]
[Date "2007.11.10"]
[Round "3.2"]
[White "Holtmannspoetter, Michael"]
[Black "Nordholt, Uwe"]
[Result "1/2-1/2"]
[WhiteElo "1640"]
[BlackElo "1773"]
[PlyCount "43"]
[EventDate "2007.09.22"]
[EventType "team-tourn"]
[EventRounds "9"]
[EventCountry "GER"]
[SourceTitle "EXT 2009"]
[Source "ChessBase"]
[SourceDate "2008.11.26"]
[SourceVersion "1"]
[SourceVersionDate "2008.11.26"]
[SourceQuality "1"]
[WhiteTeam "Reckenfeld"]
[BlackTeam "Rheine SG"]
[WhiteTeamCountry "GER"]
[BlackTeamCountry "GER"]

1. e4 e6 2. d4 d5 3. Nd2 Nf6 4. e5 Nfd7 5. Bd3 c5 6. c3 Nc6 7. Ne2 Qb6 8. Nf3 cxd4 9. cxd4 Be7 10. a3 a5 11. 0-0 f5 12. exf6 Nxf6 13. Nc3 0-0 14. h3 Bd7 15. Na4 Qc7 16. Re1 Bd6 17. Be3 Rfe8 18. Rc1 Bf4 19. Nc5 Bxe3 20. fxe3 Bc8 21. Qc2 Qg3 22. Qf2 1/2-1/2

[Event "Steinfurt Bezirksklasse 0607"]
[Site "Germany"]
[Date "2006.10.28"]
[Round "2.3"]
[White "Mostapha, Riad"]
[Black "Nordholt, Uwe"]
[Result "0-1"]
[WhiteElo "1244"]
[BlackElo "1768"]
[PlyCount "68"]
[EventDate "2006.09.30"]
[EventType "team-tourn"]
[EventRounds "7"]
[EventCountry "GER"]
[SourceTitle "EXT 2008"]
[Source "ChessBase"]
[SourceDate "2007.11.25"]
[SourceVersion "1"]
[SourceVersionDate "2007.11.25"]
[SourceQuality "1"]
[WhiteTeam "Steinfurt IV"]
[BlackTeam "Rheine SG"]
[WhiteTeamCountry "GER"]
[BlackTeamCountry "GER"]

1. c4 e5 2. Nc3 Nf6 3. e4 Bc5 4. d3 c6 5. Be2 d6 6. Nf3 Be6 7. 0-0 Nbd7 8. Qb3 b5 9. Qc2 Qb6 10. Ng5 0-0 11. h3 a6 12. Qd2 d5 13. cxd5 cxd5 14. Nxe6 fxe6 15. Bf3 dxe4 16. dxe4 Bd4 17. Qg5 b4 18. Ne2 Rad8 19. Qg3 Nc5 20. Bh6 Rf7 21. Rab1 Ncxe4 22. Bxe4 Nxe4 23. Qh4 Bxf2+ 24. Rxf2 Qxf2+ 25. Qxf2 Nxf2 26. Be3 Rd1+ 27. Rxd1 Nxd1 28. Bc1 Rf2 29. Ng3 Rc2 30. Bg5 Rxb2 31. Be7 Ne3 32. Ne4 Nd5 33. Bd6 Rxa2 34. Bxe5 Re2 0-1